000 00788nam a2200181 i 4500
001 183933
003 ES-MaACL
005 20230906222015.0
008 141202s1915 ho |||| | spa d
080 _a061.4(794 S. Francisco)"1915"
100 1 _aRamíerez Fontecha, Antonio A.
_9156006
245 1 1 _a[Informe del Comisario General de la Sección de Honduras en la Exposición Internacional Panamá- Pacífico, San Francisco, Cal., 1915 /
_cAntonio A. Ramírez Fontecha].
260 _aTegucigalpa :
_b[s.n.,
_c1915] (
_fTip. Nac.)
300 _a20 p. ;
_c27 cm.
500 _aAutor de final del texto, datos complementados de la B.N.
611 2 4 _aExposición Internacional Panamá-Pacifico.
_d1915.
_cSan Francisco)
_9156007
852 1 _aBA
_jT-1440-F-13
_q.- Ejemplar sin portada
999 _c183933
_d183933